000 00457nam a2200145Ia 4500
003 OSt
005 20260128100243.0
008 211028s2017 xx 000 0 und d
040 _cAIMIT LIBRARY
041 _aeng
100 _aSanthosh, Sayanth; Harinakshi.
_g1516142
_97716
245 _aStudy on brand loyalty of customers to Dennis morton with special reference to G 'Sons apparels Kannur /
260 _aMangalore
_bHarinakshi
_c2017
942 _2ddc
_cPRO
999 _c219284
_d219284